Encyclopedia of life science(E-BOOK) (Record no. 193178)

000 -LEADER
fixed length control field 00748 a2200241 4500
003 - CONTROL NUMBER IDENTIFIER
control field Nust
005 - DATE AND TIME OF LATEST TRANSACTION
control field 20170207154052.0
010 ## - LIBRARY OF CONGRESS CONTROL NUMBER
LC control number 2008016224
020 ## - INTERNATIONAL STANDARD BOOK NUMBER
International Standard Book Number 0816070083
020 ## - INTERNATIONAL STANDARD BOOK NUMBER
International Standard Book Number 9780816070084
035 ## - SYSTEM CONTROL NUMBER
System control number (OCoLC)ocn223107232
040 ## - CATALOGING SOURCE
Transcribing agency Nust
082 00 - DEWEY DECIMAL CLASSIFICATION NUMBER
Classification number 570.3
100 1# - MAIN ENTRY--PERSONAL NAME
Personal name Cullen, Katherine E.
245 10 - TITLE STATEMENT
Title Encyclopedia of life science(E-BOOK)
Statement of responsibility, etc. Katherine Cullen.
260 ## - PUBLICATION, DISTRIBUTION, ETC.
Place of publication, distribution, etc. New York :
Name of publisher, distributor, etc. Facts On File,
Date of publication, distribution, etc. c2009.
300 ## - PHYSICAL DESCRIPTION
Extent 2 v. (xii, 806 p., 29 p.) :
Other physical details ill. (chiefly col.), col. map ;
Dimensions 29 cm.
490 1# - SERIES STATEMENT
Series statement Facts on File science library
650 #0 - SUBJECT ADDED ENTRY--TOPICAL TERM
Topical term or geographic name entry element Life sciences
651 ## - SUBJECT ADDED ENTRY--GEOGRAPHIC NAME
Geographic name E-BOOK
830 #0 - SERIES ADDED ENTRY--UNIFORM TITLE
Uniform title Facts on File science library.
856 41 - ELECTRONIC LOCATION AND ACCESS
Materials specified Table of contents only
Uniform Resource Identifier <a href="http://www.loc.gov/catdir/toc/ecip0815/2008016224.html">http://www.loc.gov/catdir/toc/ecip0815/2008016224.html</a>
942 ## - ADDED ENTRY ELEMENTS (KOHA)
Source of classification or shelving scheme
Koha item type Book
Holdings
Withdrawn status Lost status Source of classification or shelving scheme Damaged status Not for loan Collection code Permanent Location Current Location Date acquired Total Checkouts Full call number Barcode Date last seen Price effective from Koha item type
            Military College of Signals (MCS) Military College of Signals (MCS) 12/12/2016   570.3 CUL MCSEB-2932 12/08/2016 12/12/2016 Book
© 2023 Central Library, National University of Sciences and Technology. All Rights Reserved.